| 000 | 00366cam a22001337a 4500 | ||
|---|---|---|---|
| 008 | 180718b1890 xxu||||| |||| 00| 0 eng d | ||
| 082 | _aA6x54 R861/ H279 | ||
| 100 | _aTrotter, L.J. | ||
| 245 |
_aWarren hastings _cby L.J. Trotter |
||
| 260 |
_aOxford _bClarendon Press _c1890 |
||
| 300 | _a219+p. | ||
| 440 | _aRulers of India | ||
| 650 | _aHastings, Warren, 1732-1818 | ||
| 999 |
_c438119 _d438119 |
||